00598nam a2200205 a 450000100060000000300080000600500170001400800410003103500190007204000350009104100080012608200250013410000220015924500690018126000410025030000250029150000190031665000290033570000280036456492BD-RjUL20211209080414.0161129s1950 nyu||||| |||| 001 0 eng d a(BD-RjUL)56616 aBD-RjULbengcBD-RjULdBD-RjUL aeng 223a370.15bCOE 1950 aCole, Lawrence E. aEducational psychology /cLawrence E Cole, William French Bruce. aNew York :b World Book Co.,cc1950. axv, 768 p. ;c22 cm. aIncludes index aEducational psychology.  a Bruce, William French.